| 000 | 00465nam a2200181Ia 4500 | ||
|---|---|---|---|
| 008 | 151018s9999 xx 000 0 und d | ||
| 082 |
_bRBASDV56395 _a891.463 |
||
| 100 | _aव पु काळे | ||
| 245 | _aदोस्त | ||
| 250 | _b1 | ||
| 260 |
_bसुमंगल _c1999 |
||
| 300 | _a181 | ||
| 600 | _aव पु काळे | ||
| 630 | _aदोस्त | ||
| 700 | _aव पु काळे | ||
| 730 | _aदोस्त | ||
| 942 | _cBOOK | ||
| 999 |
_c1051906 _d1051903 |
||